000 00515nam a2200145 a 4500
001 000035198
005 20200930074154.0
008 111025s1969 dr 000 0 spa d
040 _aDO-SdBNP
_bspa
_cBNPHU
100 1 _aFernandez Martinez, Federico
_960930
245 1 0 _aDictionary of proverbs and saying = Diccionario de proverbios y refranes /
_cFederico Fernandez Martinez.
246 1 0 _aDiccionario de proverbios y refranes
260 _aSanto Domingo :
_bEditora del Caribe,
_c1969.
300 _a303 p. ;
_c23 cm.
999 _c34689
_d34689